000 02263nam a2200445 c 4500
999 _c88437
_d88437
003 BLK
005 20230407151705.0
008 180408b bul|||||r ||||||| ||bul||
010 _aKNG00093101000
040 _aBLK
041 _aBUL
_cBUL
072 7 _2bullib
_aК
_xКраезнание
072 7 _2bullib
_aН15
_xПсихология Н
080 _aПсихология на детската и юношеска възраст
_b159.922.7/.8
_z159.922.7/.8
080 _aСоциална работа с деца
_b364.4-053.2
_z364.4-053.2
080 _aСоциална педагогика
_b37.013.42
_z37.013.42
100 1 _aАнчева, Ана
_eпърви автор
_9303166
139 _aДетски кът за развитие - Център за психологическа подкрепа за деца и семейства
_bД 45
245 1 0 _aДетски кът за развитие - Център за психологическа подкрепа за деца и семейства
_bНаръчник за работещите в сферата на дет. психично здраве и услугите за деца : Методика за интегрирана здравно-социална услуга :
_cАна Анчева; състав. Ана Анчева.
257 _aBGR
260 _bСдружение Дете и пространство
_c2011
300 _a64 с.
_c24 см
380 _a1
500 _aПо проект BG051PO001-5.2.06-0038-С-0001. - За авторите.
650 4 _aДетска и педагогическа психология
_9244538
650 4 _aПедагогика, социална
_9165970
650 4 _aСоциална работа - наръчници и ръководства
_9284260
653 _aдетска психология
653 _aпедагогическа психология
653 _aсоциална педагогика
653 _aсоциална работа
659 _aК
659 _aН
700 1 _aАнчева, Ана
_eсъстав.
_9373258
852 _aЦб 254683
852 _aК 1/Д 45
856 4 _qpdf
856 4 _qpdf
942 _cKNG
_n0
_01
_s1
944 _aCR
_c26.03.2012
_lф /
_kЛюдмила_Стоянова
944 _aED
_c23.08.2013
_lф /
999 _d88437